Старите сгради разказват (Запис номер 447567)
[ съкратено ]
| 000 -Лидер | |
|---|---|
| Контролно поле с фиксирана дължина | 00924nam a2200253 a 4500 |
| 003 - Код на организацията, давaща контролен номер | |
| Контролно поле | BLK |
| 005 - Дата и час на последна редакция | |
| Контролно поле | 20230628122510.0 |
| 008 - Елементи от данни с фиксирана дължина | |
| fixed length control field | 220308b bu |||||r|||| 00| | bu d |
| 040 ## - Източник на каталожния запис | |
| Идентификатор на билиотеката - собственик на записа | BLK |
| 041 ## - Код за език | |
| Код за езика на текст/звукозапис или на отделно заглавие | Български |
| Код за езика КДБФ | Български |
| 080 ## - УДК | |
| Текстов определител УДК | Архитектура на сгради |
| УДК код - определител по УДК | 721 |
| УДК определител | (497.215)(062) |
| УДК - код + определител | 721(497.215)(062) |
| 139 ## - Редно поле | |
| Авторски знак | Стар - С 71 |
| 245 ## - Сведения за заглавието | |
| Заглавие | Старите сгради разказват |
| Физически носител (вид на носителя) | [Малотир. изд.] |
| 260 ## - Област на издателските данни | |
| 9 (RLIN) | 441842 |
| Място на издаване, разпространение и проч. | Русе |
| Име на издателя, разпространителя и проч. | б. и. |
| Година на издаване | 1997 |
| 300 ## - Физическа характеристика | |
| Страници | 32 с. |
| Размери/Мащаб | 20 см |
| 380 ## - Жанр | |
| Жанр | Изкуство |
| 500 ## - Общи забележки | |
| Забележка | Средно общообразователно училище по древни езици "Св. Константин-Кирил Философ" |
| 653 #7 - Ключова дума – ненормативна | |
| 9 (RLIN) | 181371 |
| Ключова дума | архитектурни паметници |
| 653 #7 - Ключова дума – ненормативна | |
| 9 (RLIN) | 195843 |
| Ключова дума | Русе |
| 653 #0 - Ключова дума – ненормативна | |
| 9 (RLIN) | 451983 |
| Ключова дума | старинни сгради |
| 852 ## - Местоположение | |
| Фондова буква | Краезнание |
| Систематично-азбучна сигнатура | К 7/С 71 |
| 999 ## - СИСТЕМНИ КОНТРОЛНИ НОМЕРА | |
| Koha biblionumber | 447567 |
| Koha biblioitemnumber | 447567 |
| 942 ## - АРТИКУЛИ | |
| Вид на библиотечния материал | Книги |
| Скрит в OPAC | Не |
| Периодичен библиозапис | Да |
| Koha issues (borrowed), all copies | 1 |
| 944 ## - СЪЗДАВАНЕ И РЕДАКЦИЯ на ЗАПИСА | |
| Създаване/Редакция | Създаване |
| Дата на регистрацията/редакция | 2022-03-02 |
| Служител, извършил регистрацията/редакцията | А.М. |
| Код за отписване | Код за изгубен артикул | Източник на класификационната схема | Код за повреда | Коз за рестрикции | Код за отдаване | Артикулен № | Име на библиотеката - собственик | Име на библиотеката, в която се намира в момента | Статус (Текущо местоположение) | Дата на вписване в системата | Местоположение - отдел | Цена в лева | Систематично азбучна сигнатура | Баркод | Цена в евро | Служебен тип на артикула |
|---|---|---|---|---|---|---|---|---|---|---|---|---|---|---|---|---|
| Не е изгубен | Universal Decimal Classification | Не е повреден | само за читалня | ползва се в читалня | 875570 | Регионална библиотека "Любен Каравелов" Русе | Регионална библиотека "Любен Каравелов" Русе | Краезнание | 2022-03-15 | Краезнание | 1.00 | К 7/С 71 | 120000868335 | 0.51 | Книги |